Central Library OPAC University of Rajshahi

Selected poems of Robert Browning / (Record no. 54945)

MARC details
000 -LEADER
fixed length control field 00745nam a2200241 a 4500
001 - CONTROL NUMBER
control field 54945
003 - CONTROL NUMBER IDENTIFIER
rucl marc code BD-RjUL
005 - DATE AND TIME OF LATEST TRANSACTION
control field 20211209080207.0
008 - FIXED-LENGTH DATA ELEMENTS--GENERAL INFORMATION
fixed length control field 161113s1955 enka 000 0 eng d
035 ## - SYSTEM CONTROL NUMBER
System control number (BD-RjUL)55067
040 ## - CATALOGING SOURCE
Original cataloging agency SUC
Transcribing agency SUC
Modifying agency OCL
-- EQO
Language of cataloging eng
041 ## - LANGUAGE CODE
Language code of text/sound track or separate title eng
082 ## - DEWEY DECIMAL CLASSIFICATION NUMBER
Edition number 23
Classification number 821.08
Author mark and year BRS 1955
090 ## - LOCALLY ASSIGNED LC-TYPE CALL NUMBER (OCLC); LOCAL CALL NUMBER (OCLC)
Classification number (OCLC) (R) ; Classification number, CALL (RLIN) (NR) PR4202
Local cutter number (OCLC) ; Book number/undivided call number, CALL (RLIN) .R4 1955
100 1# - MAIN ENTRY--PERSONAL NAME
Personal name Browning, Robert,
Dates associated with a name 1812-1889.
9 (RLIN) 161403
245 00 - TITLE STATEMENT
Title Selected poems of Robert Browning /
Statement of responsibility, etc. Edited with an introduction and notes by James Reeves
260 ## - PUBLICATION, DISTRIBUTION, ETC. (IMPRINT)
Place of publication, distribution, etc. London :
Name of publisher, distributor, etc. Heinemann,
Date of publication, distribution, etc. 1955
300 ## - PHYSICAL DESCRIPTION
Pagination xxxiii, 155 p. :
Illustrations ill. ;
Size 19 cm
650 ## - SUBJECT ADDED ENTRY--TOPICAL TERM
Topical term or geographic name as entry element English poetry
General subdivision Collections
9 (RLIN) 163812
700 1# - ADDED ENTRY--PERSONAL NAME
Personal name Reeves, James.
830 #0 - SERIES ADDED ENTRY--UNIFORM TITLE
Uniform title Poetry bookshelf
942 ## - ADDED ENTRY ELEMENTS (KOHA)
Source of classification or shelving scheme Dewey Decimal Classification
Koha item type Books
Holdings
Lost status Source of classification or shelving scheme Damaged status Not for loan Collection code Permanent Location Current Location Shelving location Date acquired Source of acquisition Cost, normal purchase price Total Checkouts Full call number Date last seen Copy number Koha item type
  Dewey Decimal Classification     Non-fiction Central Library, University of Rajshahi Central Library, University of Rajshahi   21/11/1957 O. U. P. 6.15   821.08 BRS 1955 13/11/2016 C-2 Books